Welcome to the Holygrace Academy Library

Please use search bar below to get started

DISASTER MANAGEMENT (Record no. 1512)

MARC details
000 -LEADER
fixed length control field 00435nam a22001577a 4500
020 ## - INTERNATIONAL STANDARD BOOK NUMBER
ISBN 81-314-1363-2
082 ## - DEWEY DECIMAL CLASSIFICATION NUMBER
Classification number 658-477
Item number SAB/D
100 ## - MAIN ENTRY--AUTHOR NAME
Personal name SABITHA , A
245 ## - TITLE STATEMENT
Title DISASTER MANAGEMENT
Remainder of title LEGAL AND POLICY PERCEPTIONS
246 ## - VARYING FORM OF TITLE
Title proper/short title DISASTER MANAGEMENT
Remainder of title LEGAL AND POLICY PERCEPTIONS
260 ## - PUBLICATION, DISTRIBUTION, ETC. (IMPRINT)
Place of publication HYDERABAD
Name of publisher THE ICFAI UNIVERSITY PRESS
Year of publication 2007
300 ## - PHYSICAL DESCRIPTION
Number of Pages 295
520 ## - SUMMARY, ETC.
Summary, etc SOCIAL SCIENCE
650 ## - SUBJECT ADDED ENTRY--TOPICAL TERM
Topical Term SOCIAL SCIENCE
942 ## - ADDED ENTRY ELEMENTS (KOHA)
Koha item type Books
Holdings
Withdrawn status Lost status Home library Current library Shelving location Date acquired Source of acquisition Cost, normal purchase price Full call number Accession Number Koha item type
    Main Library Main Library SHELF-5 G REFERENCE SOCIAL SCIENCE 23/11/2012 Purchase 1660.00 658-477 SAB/D 07043 Books